000 01476nam a22002657a 4500
003 DO-SdBNP
005 20211012091620.0
007 ta
008 211008b2021 dr a|||| |||| 00| 0 spa d
020 _a9789945221022
040 _aDO-SdBNP
_bspa
_cBNPHU
245 0 0 _aTrabajo digno cruza fronteras:
_benfocando el sector bananero de la Línea Noroeste, República Dominicana = Le travail digne au-delà des frontières: Une étude exploratoire de la situation des travailleurs et travailleuses migrantes du secteur de la banane sur la ligne nord-ouest, en République Dominicaine.
_ccoordinación: Bridget Wooding ; traducción del español al francés: Véronique Viala ; equipo de investigación: Luis Cirito, Liliana Digiorgis y Ivrance Martínrez.
260 _aSanto Domingo :
_bCentro para la Observación Migratoria y el Desarrollo Social en el Caribe (OBMICA)
_c2021.
300 _a51 p.
_c28 cm.
504 _a Bibliografía : p. 46-48
590 _aInventariado, 2021 /LP
700 1 _aWooding, Bridget,
_ecoordinación
_92231
700 1 _aViala, Véronique,
_etr.
_980141
700 1 _aCirito, Luis
_980142
700 1 _aDigiorgis, Liliana
_980143
700 1 _aMartínrez, Ivrance
_980144
740 1 0 _aLe travail digne au-delà des frontières: Une étude exploratoire de la situation des travailleurs et travailleuses migrantes du secteur de la banane sur la ligne nord-ouest, en République Dominicaine
910 _aLopérez
942 _2ddc
_cLBS1
999 _c50720
_d50720